000 00289nam a22001217a 4500
008 181203b xxu||||| |||| 00| 0 eng d
041 _aeng
080 _24th
_a339.138
100 _a60
101 _aMAR
245 _aSports Marketing A Strategic Perspective
_cShank,M.D
942 _2udc
_cBK
999 _c52738
_d52738